000 00300nam a2200145Ia 4500
100 _aNaiman/Arthur
942 _cBK
654 _aWord Star
245 _aIntroduction To Word Star
260 _bB.P.B Pub.
_aDelhi
_c1985
082 _a1.6
_bNai
300 _a208
546 _aENGLISH
999 _c30248
_d30248